书目信息 |
| 题名: |
项目组织与团队
|
|
| 作者: | 丁荣贵 , 孙涛 主编 | |
| 分册: | ||
| 出版信息: | 北京 机械工业出版社 2019.01 |
|
| 页数: | XVIII, 328页 | |
| 开本: | 24cm | |
| 丛书名: | 项目管理/工程管理“十三五”系列规划教材 | |
| 单 册: | ||
| 中图分类: | F224.5 | |
| 科图分类: | ||
| 主题词: | 项目管理--xiang mu guan li--教材 | |
| 电子资源: | ||
| ISBN: | 978-7-111-61563-7 | |
| 000 | 01608nam 2200325 450 | |
| 001 | CAL 0120192681820 | |
| 005 | 20190315152448.5 | |
| 010 | @a978-7-111-61563-7@dCNY65.00 | |
| 100 | @a20190314d2019 em y0chiy50 ea | |
| 101 | 0 | @achi |
| 102 | @aCN@b110000 | |
| 105 | @aak a 000yy | |
| 106 | @ar | |
| 200 | 1 | @a项目组织与团队@Axiang mu zu zhi yu tuan dui@f主编丁荣贵, 孙涛@Fzhu bian ding rong gui , sun tao |
| 205 | @a第3版 | |
| 210 | @a北京@c机械工业出版社@d2019.01 | |
| 215 | @aXVIII, 328页@c图@d24cm | |
| 225 | 2 | @a项目管理/工程管理“十三五”系列规划教材@Axiang mu guan li / gong cheng guan li “ shi san wu ”xi lie gui hua jiao cai |
| 312 | @a英文题名取自封面 | |
| 320 | @a有书目 (第328页) | |
| 330 | @a本书共分为三个篇章。第一篇是绪论篇, 主要介绍了解项目组织的概念和特征, 以及项目组织与团队的作用和发展过程。第二篇是项目组织篇, 主要阐述了项目组织的类型与运行机制、未来项目组织发展的方向、项目利益相关方在项目组织运行中的角色和彼此之间的关联关系, 以及企业项目多管理的组织特点。第三篇是项目团队篇, 主要介绍项目团队的概念、组建与发展过程和阶段, 讨论项目团队建设和管理的规律 ; 同时对项目团队建设, 诸如团队学习和团队文化建设等, 进行了论述 ; 最后对管理的一些内容与技巧, 如项目沟通与协调、项目冲突管理、团队激励与绩效管理等进行了介绍。 | |
| 410 | 0 | @12001 @a项目管理/工程管理“十三五”系列规划教材 |
| 510 | 1 | @aProject organization & team@zeng |
| 586 | @a | |
| 606 | 0 | @a项目管理@Axiang mu guan li@j教材 |
| 690 | @aF224.5@v5 | |
| 701 | 0 | @a丁荣贵@Ading rong gui@4主编 |
| 701 | 0 | @a孙涛@Asun tao@4主编 |
| 801 | 0 | @aCN@c20190314 |
| 905 | @a河南城建学院图书馆@dF224.5@eD551=3@f2 | |
| 项目组织与团队/主编丁荣贵, 孙涛.-第3版.-北京:机械工业出版社,2019.01 |
| XVIII, 328页:图;24cm.-(项目管理/工程管理“十三五”系列规划教材) |
| ISBN 978-7-111-61563-7:CNY65.00 |
| 本书共分为三个篇章。第一篇是绪论篇, 主要介绍了解项目组织的概念和特征, 以及项目组织与团队的作用和发展过程。第二篇是项目组织篇, 主要阐述了项目组织的类型与运行机制、未来项目组织发展的方向、项目利益相关方在项目组织运行中的角色和彼此之间的关联关系, 以及企业项目多管理的组织特点。第三篇是项目团队篇, 主要介绍项目团队的概念、组建与发展过程和阶段, 讨论项目团队建设和管理的规律 ; 同时对项目团队建设, 诸如团队学习和团队文化建设等, 进行了论述 ; 最后对管理的一些内容与技巧, 如项目沟通与协调、项目冲突管理、团队激励与绩效管理等进行了介绍。 |
| ● |
| 相关链接 |
|
|
|
正题名:项目组织与团队
索取号:F224.5/D551=3
 
预约/预借
| 序号 | 登录号 | 条形码 | 馆藏地/架位号 | 状态 | 备注 |
| 1 | 1410825 | 214108259 | 社科库409/409社科库 73排2列4层/ [索取号:F224.5/D551=3] | 在馆 | |
| 2 | 1410826 | 214108268 | 社科库409/409社科库 73排2列4层/ [索取号:F224.5/D551=3] | 在馆 |